Представление документа в формате MARC21

Поле Инд. ПП Название Значение
Тип записи a
Библиографический уровень b
001 Контрольный номер RU/IS/BASE/322929611
005 Дата корректировки 20200522191406.5
008 Кодируемые данные 20100326
040 b Код языка каталог. rus
e Правила каталог. PSBO
041 0_ a Код языка текста rus
084 a Индекс другой классификации/Индекс ББК 60.51(4Гем)6; 60.001(4Гем)6; 60.653.05
100 1_ a Автор Рахманов А. Б.
q Полное имя Рахманов Азат Борисович
245 11 a Заглавие "Хозяйственная этика мировых религий" Макса Вебера: субъективные и объективные предпосылки создания, анализ концепции
504 a Библиография Библиогр.: с. 199
520 0_ a Аннотация Автор раскрывает научные и социально-исторические предпосылки, обусловившие интерес М. Вебера к исследованию восточных стран, их религий и их этических концепций и создание "Хозяйственной этики мировых религий". Автор дает краткий очерк концепции этого труда и, в частности, объяснение того, почему, с точки зрения Вебера, в Китае возник капитализм
600 a Персоналии Вебер Макс
650 14 a Основная рубрика история социологии
a Основная рубрика история философии
a Основная рубрика социальная философия
a Основная рубрика социология
a Основная рубрика социология религии
a Основная рубрика философия
653 1_ a Ключевые слова "Хозяйственная этика мировых религий"
a Ключевые слова XIX век
a Ключевые слова XX век
a Ключевые слова Германия
a Ключевые слова империализм
a Ключевые слова Индия
a Ключевые слова капитализм
a Ключевые слова Китай
a Ключевые слова конфуцианство
a Ключевые слова ориенталистика
a Ключевые слова протестантизм
a Ключевые слова религия
a Ключевые слова хозяйственная этика
a Ключевые слова экономика
a Ключевые слова этика
a Ключевые слова история социальной философии
773 08 t Заглавие источника Вестник Московского университета. Серия 18, Социология и политология
d Дата издания источника 2009
g Прочая информация № 4. - С. 184 - 199
w Контрольный № источника RU/IS/BASE/317399284
901 t Тип документа b